Contabilidad de empresas constructoras y de transportes

I tiakina i:
Ngā taipitopito rārangi puna kōrero
Kaituhi matua: Gerlach Cavada, Víctor (Author)
Hōputu: Pukapuka
Reo:Pāniora
I whakaputaina: Santiago Jurídica Conosur 1997
Putanga:3a. ed
Ngā marau:
Ngā Tūtohu: Tāpirihia he Tūtohu
Kāore He Tūtohu, Me noho koe te mea tuatahi ki te tūtohu i tēnei pūkete!

MARC

LEADER 00000nam a2200000 a 4500
001 UCH0498
003 CL-VaPUC
008 090312e19970000CL |||||||||||||||||spa|d
020 |a 9562381560 
082 0 4 |a 657.869  |b GER  |2 21 
100 |a Gerlach Cavada, Víctor  |e author  |9 550038 
245 1 0 |a Contabilidad de empresas constructoras y de transportes 
250 |a 3a. ed 
300 |a 179 p 
942 |c BK 
945 |d 20090312 00:00:00  |a cmena 
260 |a Santiago  |b Jurídica Conosur  |c 1997 
650 0 |a Contabilidad   |9 261430 
650 7 |a EMPRESAS DE TRANSPORTE  |2 CL-VaPUC  |9 346977 
650 7 |a EMPRESAS CONSTRUCTORAS  |2 CL-VaPUC  |9 413934 
583 |a last modification  |c 20130105 02:36:18  |k Rodrigo Vera 
999 |c 332794  |d 332792 
952 |0 0  |1 0  |4 0  |6 657_869000000000000_GER_1997  |7 0  |8 A  |9 420732  |a BIBGIM  |b BIBGIM  |d 2019-11-22  |i 2127865  |o 657.869 GER 1997  |p 2127865  |r 2025-01-15  |w 2019-11-22  |y BK  |k COM